000 00775nam a2200229 a 4500
001 000011586
005 20240530073912.0
008 091021s2004 dr a 000 f spa d
020 _z9993432018
040 _aDO-SdBNP
_bspa
_cBNPHU
082 _aRD863.44
_bM896cañ
100 1 _a Moscoso Puello, F. E.,
_q (Francisco Eujenio)
_d1885-1959
_958361
245 1 0 _aCañas y bueyes :
_bnovela /
_cFrancisco Moscoso Puello.
260 _aSanto Domingo :
_bABC,
_c2004.
300 _a207 p. :
_bil. ;
_c23 cm.
500 _aIncluye datos biográficos del autor en la contracubierta.
500 _aEdición reducida
590 _aInventariado, 2020/BT
650 0 _aNovela dominicana
_9223
650 0 _aLiteratura dominicana.
_967
910 _aValidado. Control de calidad MFF
999 _c11281
_d11281